000 00558nam a2200205Ia 4500
005 20260429112051.0
008 260429s9999||||xx |||||||||||||| ||und||
020 _a9781835350195
041 _aEnglish
082 _a371.26
_bANI
100 _aAnitha, R.
245 0 _aPhysical education :
_bmeasurement and evaluation /
_cR. Anitha
250 _a1st ed.
260 _aLondon :
_bETP ED- Tech Press,
_c2025.
300 _axi, 276 p.; hb
650 _a Educational measurement
650 _a Evaluation
650 _aPhysical education
942 _cTB
999 _c52179
_d52179